[Event "USA-ch16 prel 04 corr0204"]
[Site "USA"]
[Date "2002.09.03"]
[Round "?"]
[White "Rothman, Seth D"]
[Black "Weber, Len J"]
[Result "1-0"]
[WhiteElo "2200"]
[BlackElo "2200"]
[PlyCount "53"]
[EventDate "2002.??.??"]
[EventType "tourn (corr)"]
[EventRounds "6"]
[EventCountry "USA"]
[SourceTitle "Corr 2006"]
[Source "ChessBase"]
[SourceDate "2006.04.01"]
[SourceVersion "3"]
[SourceVersionDate "2006.04.01"]
[SourceQuality "1"]

1. d4 Nf6 2. c4 e6 3. Nc3 d5 4. Bg5 Nbd7 5. e3 Be7 6. Nf3 0-0 7. Rc1 dxc4 8. Bxc4 a6 9. Bd3 b5 10. a4 bxa4 11. Nxa4 h6 12. Bh4 Nd5 13. Bxe7 Qxe7 14. 0-0 N7b6 15. Nc5 Nb4 16. Be4 Ra7 17. Ne5 Qd6 18. Qe1 a5 19. f4 Bd7 20. Qh4 Bb5 21. Rf3 f5 22. Rg3 Kh7 23. Qg4 c6 24. Qg6+ Kh8 25. Bb1 Re7 26. Ne4 Qd5 27. Ng5 1-0

[Event "USA-ch15 prel 04 corr"]
[Site "USA"]
[Date "2000.06.20"]
[Round "?"]
[White "Kissick, Charles M"]
[Black "Rothman, Seth D"]
[Result "0-1"]
[WhiteElo "2029"]
[BlackElo "2084"]
[PlyCount "84"]
[EventDate "2000.06.20"]
[EventType "tourn (corr)"]
[EventRounds "12"]
[EventCountry "USA"]
[SourceTitle "Corr 2006"]
[Source "ChessBase"]
[SourceDate "2006.04.01"]
[SourceVersion "3"]
[SourceVersionDate "2006.04.01"]
[SourceQuality "1"]

1. e4 c5 2. d4 cxd4 3. c3 dxc3 4. Nxc3 Nc6 5. Nf3 d6 6. Bc4 a6 7. 0-0 Nf6 8. Bg5 e6 9. Qe2 h6 10. Bf4 g5 11. Be3 Ng4 12. Bd2 Nge5 13. Nxe5 Nxe5 14. Bb3 Ng6 15. f4 Nxf4 16. Bxf4 gxf4 17. Rxf4 Bg7 18. Qh5 Qe7 19. Raf1 Bd4+ 20. Kh1 Rh7 21. Qa5 Bd7 22. Qb4 Bc6 23. Qxd4 e5 24. Bxf7+ Rxf7 25. Rxf7 exd4 26. Rxe7+ Kxe7 27. Nd5+ Bxd5 28. exd5 Rc8 29. Kg1 Rc5 30. Rd1 Rxd5 31. Kf2 Ke6 32. Rd2 Rc5 33. Ke2 Re5+ 34. Kd3 Kd5 35. Rf2 Re3+ 36. Kd2 b5 37. Rf6 Re6 38. Rxe6 Kxe6 39. Kd3 Ke5 40. b4 Kd5 41. g3 Ke5 42. a3 Kd5 0-1

[Event "USA-ch15 prel 04 corr"]
[Site "USA"]
[Date "2000.06.20"]
[Round "?"]
[White "Rothman, Seth D"]
[Black "Joseph, Peter D"]
[Result "1-0"]
[WhiteElo "2084"]
[BlackElo "2067"]
[PlyCount "93"]
[EventDate "2000.06.20"]
[EventType "tourn (corr)"]
[EventRounds "12"]
[EventCountry "USA"]
[SourceTitle "Corr 2006"]
[Source "ChessBase"]
[SourceDate "2006.04.01"]
[SourceVersion "3"]
[SourceVersionDate "2006.04.01"]
[SourceQuality "1"]

1. d4 Nf6 2. Nf3 g6 3. c4 Bg7 4. Nc3 d5 5. Bf4 0-0 6. e3 c5 7. dxc5 Qa5 8. Rc1 dxc4 9. Bxc4 Qxc5 10. Bb3 Qa5 11. 0-0 Nc6 12. h3 Bf5 13. Qe2 Ne4 14. Nd5 e5 15. Rxc6 bxc6 16. Ne7+ Kh8 17. Nxc6 Qb6 18. Ncxe5 Be6 19. Bxe6 Qxe6 20. Qc2 Nf6 21. Qa4 Nd5 22. Bg3 Kg8 23. Rd1 h6 24. Nd4 Qe8 25. Ndc6 Ne7 26. Nd7 Nxc6 27. Qxc6 Qc8 28. Bc7 Re8 29. b4 Re6 30. Qd5 Qe8 31. Nc5 Rc6 32. Bf4 Rac8 33. a3 a5 34. Nb7 Rc1 35. Nxa5 Rd8 36. Qxd8 Qxd8 37. Rxc1 g5 38. Bg3 Bb2 39. Rb1 Bxa3 40. Nc4 Qd3 41. Nxa3 Qxa3 42. b5 Qd3 43. Rb4 Qd2 44. Rc4 Qd7 45. b6 Qb7 46. Bc7 Kh7 47. Rd4 1-0

[Event "USA-ch15 prel 04 corr"]
[Site "USA"]
[Date "2000.06.20"]
[Round "?"]
[White "Rothman, Seth D"]
[Black "Wong, Raymond"]
[Result "1-0"]
[WhiteElo "2084"]
[BlackElo "2133"]
[PlyCount "59"]
[EventDate "2000.06.20"]
[EventType "tourn (corr)"]
[EventRounds "12"]
[EventCountry "USA"]
[SourceTitle "Corr 2006"]
[Source "ChessBase"]
[SourceDate "2006.04.01"]
[SourceVersion "3"]
[SourceVersionDate "2006.04.01"]
[SourceQuality "1"]

1. d4 f5 2. c4 Nf6 3. g3 g6 4. Bg2 Bg7 5. Nf3 0-0 6. Nc3 d6 7. d5 Qe8 8. 0-0 Na6 9. Rb1 Bd7 10. b4 c5 11. dxc6 bxc6 12. a3 Nc7 13. Bb2 Rb8 14. c5 d5 15. Na2 Ne4 16. Bxg7 Kxg7 17. Qd4+ Nf6 18. Nc3 Ne6 19. Qd3 f4 20. Ne5 Bc8 21. e4 fxe3 22. fxe3 Ng5 23. Rbd1 a5 24. e4 axb4 25. axb4 Rxb4 26. exd5 Nh3+ 27. Kh1 Rb2 28. Qd4 cxd5 29. Nxd5 Nxd5 30. Qxb2 1-0